[Event "ADCF Masters"]
[Site "Abu Dhabi UAE"]
[Date "2003.08.25"]
[Round "9"]
[White "Tissir,M"]
[Black "Sale,S"]
[Result "0-1"]
[WhiteElo "2346"]
[BlackElo "2420"]

1.e4 g6 2.d4 d6 3.Nc3 Bg7 4.Be3 c6 5.Qd2 b5 6.Bd3 Nd7 7.Nf3 Qc7 8.O-O Ngf6
9.Bh6 O-O 10.h3 e5 11.a4 b4 12.Ne2 c5 13.c3 c4 14.Bb1 b3 15.Ng3 Ne8 16.Kh1 a5
17.Nh2 Ndf6 18.Bxg7 Nxg7 19.Qg5 Nfh5 20.Nxh5 Nxh5 21.Nf3 f6 22.Qe3 Be6 23.Ng1 Nf4
24.Kh2 Bd7 25.Rd1 Rac8 26.Ne2 Ne6 27.Kh1 Kg7 28.f4 Rce8 29.Qd2 exf4 30.Nxf4 Nxf4
31.Qxf4 Bc6 32.Rf1 Qe7 33.Qg3 d5 34.exd5 Bxd5 35.Bf5 Qe2 36.Rf2 Qe3 37.Qxe3 Rxe3
38.Bg4 Rfe8 39.Raf1 f5 40.Bf3 Bxf3 41.gxf3 Rd3 42.h4 Kf6 43.Kg2 f4 44.Kh3 Kf5
45.Rg1 h6 46.Kh2 Ree3 47.Kg2 Re6 48.Rh1 Rde3 49.Rd1 Re1 50.Rdd2 R6e3 51.d5 Rd3
52.Rxd3 cxd3 53.Rd2 Re3 54.c4 Ke5 55.Kf2 Kd6 56.Rd1 Kc5 57.Re1 d2 58.Rd1 Rd3
59.Ke2 Kxc4 60.Rxd2 Rxd5 61.Rxd5 Kxd5 62.Kd3 g5 63.hxg5 hxg5 64.Kc3 Ke5 65.Kxb3 g4
66.fxg4 f3 67.Kc4 f2 68.Kb5 f1=Q+ 69.Kxa5 Kd6 70.b4 Kc7 71.g5 Qf5+ 72.b5 Qc5
73.g6 Kb7  0-1

[Event "ch-FRA w"]
[Site "Aix les Bains FRA"]
[Date "2003.08.25"]
[Round "8"]
[White "Nepeina Leconte,M"]
[Black "Bonnafous,N"]
[Result "1/2-1/2"]
[WhiteElo "2302"]
[BlackElo "2099"]

1.e4 g6 2.d4 Bg7 3.Nc3 d6 4.h3 Nd7 5.Nf3 e5 6.Bg5 Ngf6 7.dxe5 dxe5 8.Qd2 O-O
9.O-O-O Re8 10.Nh2 c6 11.Ng4 Qa5 12.Nh6+ Bxh6 13.Bxh6 b5 14.a3 b4 15.axb4 Qa1+
16.Nb1 Nxe4 17.Qe3 Nef6 18.f4 Nd5 19.Qb3 a5 20.Rxd5 cxd5 21.Qxd5 axb4 22.Bc4 Re6
23.f5 gxf5 24.Qd2 Rg6 25.Qd5 Re6 26.Qd2 Rg6 27.Qd5 Rf6 28.Re1 Qa5 29.Qd2 f4
30.Bg5 Rg6 31.h4 Qc7 32.Bd3 Rd6 33.Qe2 Nc5 34.Bc4 Nd7 35.h5 h6 36.Be7 Nb6
37.Bxd6 Qxd6 38.Bb3 Ra5 39.Rd1 Qf6 40.Qe4 Bg4 41.Rd3 Qh4 42.Qg6+ Kh8 43.Qxh6+ Kg8
44.Qg6+  1/2-1/2

[Event "Acropolis WGM"]
[Site "Athens GRE"]
[Date "2003.08.25"]
[Round "1"]
[White "Kaza,P"]
[Black "Voiska,M"]
[Result "0-1"]
[WhiteElo "2149"]
[BlackElo "2353"]

1.e4 d6 2.d4 g6 3.Nc3 Bg7 4.Nge2 Nc6 5.h3 e5 6.Be3 Nf6 7.d5 Ne7 8.g3 Bd7
9.Bg2 Qc8 10.Qd2 b5 11.a4 b4 12.Nd1 a5 13.c4 c5 14.b3 O-O 15.Bg5 Kh8 16.g4 Nfg8
17.Ng3 f6 18.Be3 f5 19.gxf5 gxf5 20.Bg5 Qe8 21.Qe2 Qg6 22.Bxe7 Nxe7 23.Bf3 Bh6
24.Nb2 Qf6 25.Nd3 Ng6 26.Ra2 Nh4 27.Rc2 Qg5 28.exf5 Nxf3+ 29.Qxf3 Bxf5 30.Nxf5 e4
31.Qg3 exd3 32.Qxg5 Bxg5  0-1

[Event "ch-FRA w"]
[Site "Aix les Bains FRA"]
[Date "2003.08.28"]
[Round "10"]
[White "Muller,A"]
[Black "Nepeina Leconte,M"]
[Result "1/2-1/2"]
[WhiteElo "2184"]
[BlackElo "2302"]

1.e4 g6 2.d4 Bg7 3.Nc3 d6 4.f4 Nd7 5.Nf3 a6 6.a4 Ngf6 7.e5 Ng4 8.Be2 Nh6
9.O-O O-O 10.Ne4 d5 11.Ng3 e6 12.Bd3 c5 13.c3 b6 14.Ne2 f6 15.h3 Nf7 16.Bd2 a5
17.Rf2 Ba6 18.Bxa6 Rxa6 19.g4 Qe7 20.Ng3 Raa8 21.Qf1 Rac8 22.Qd3 cxd4 23.cxd4 Nd8
24.Raf1 Nc6 25.Bc3 fxe5 26.fxe5 Bh6 27.h4 Bf4 28.Ne2 Nb4 29.Bxb4 axb4 30.g5 Rf5
31.Ne1 Ra8 32.Qd1 Nb8 33.Nc3 Nd7 34.Nf3 Rff8 35.Ne4 Qd8 36.Ng3 Ra6 37.Ne2 Qe7
38.Ng3 Raa8 39.Qd3 Rac8 40.Ne2 Rf5 41.Ne1 Bc1 42.Nxc1 Rxc1 43.Qd2 Rc4 44.Ng2 b3
45.Ne3 Rxf2 46.Rxf2 Rxa4 47.Ng4 Rc4 48.Nh6+ Kh8 49.Rf7 Qe8 50.Qf4 Rc7 51.Qf3 Qa8
52.Kg2 Qe8 53.Qxb3 Qd8 54.Qa3 Qe8 55.Qe7 Qxe7 56.Rxe7 Rc2+ 57.Kf3 Nf8 58.Rf7 Rc8
59.Ke3 Rb8 60.b4 b5 61.Kd3 Ra8 62.Rb7 Ra3+ 63.Ke2 Ra2+ 64.Kf3 Ra3+ 65.Kg4 Rd3
66.Rf7 Nd7 67.Rxd7 Rg3+  1/2-1/2

[Event "Acropolis Open"]
[Site "Athens GRE"]
[Date "2003.08.28"]
[Round "4"]
[White "Karayannis,A"]
[Black "Petrov,Marij"]
[Result "0-1"]
[WhiteElo "2358"]
[BlackElo "2475"]

1.d4 g6 2.e4 Bg7 3.Nc3 d6 4.Bg5 a6 5.a4 Nc6 6.d5 Nb4 7.Be2 c6 8.dxc6 bxc6
9.Nf3 h6 10.Be3 Nf6 11.h3 Bb7 12.O-O O-O 13.Re1 Qc7 14.Bf1 Rad8 15.Qc1 Rfe8
16.Nd1 Nxe4 17.Bxh6 Nf6 18.Bxg7 Kxg7 19.Ne3 e6 20.Nh2 c5 21.Nhg4 Ng8 22.c3 Nc6
23.b4 f5 24.b5 Na5 25.bxa6 Bc6 26.Rb1 fxg4 27.Nxg4 c4 28.Qg5 Bd5 29.Rb5 Nb3
30.h4 Qf7 31.Ne3 Nc5 32.Nc2 Nxa6 33.Nd4 Nc5 34.a5 Nf6 35.f3 Nh5 36.g4 Nf4
37.a6 Nxa6 38.Ra1 Nc5 39.Rba5 Qf6 40.Ra7+ Rd7 41.Nf5+ exf5 42.Qxf4 fxg4 43.Qxg4 Be6
44.Qg3 Ree7 45.Rxd7 Rxd7 46.Ra8 Bd5 47.Rb8 Qxc3 48.h5 Qe3+ 49.Kg2 Qh6 50.Be2 Qxh5
51.Qf4 Ne6 52.Qd2 Rf7 53.Qc3+ Qe5 54.Qxe5+ dxe5 55.Rb5 c3 56.Bd1 Bxf3+ 57.Bxf3 c2  0-1

[Event "XI Open A"]
[Site "Mislata ESP"]
[Date "2003.08.28"]
[Round "9"]
[White "Castella,F"]
[Black "Manea,A"]
[Result "1/2-1/2"]
[WhiteElo "2302"]
[BlackElo "2299"]

1.e4 g6 2.d4 Bg7 3.Nc3 d6 4.f4 a6 5.Nf3 b5 6.Bd3 Bb7 7.e5 e6 8.a4 b4 9.Ne4 Nh6
10.c3 bxc3 11.bxc3 Bxe4 12.Bxe4 d5 13.Bd3 c5 14.O-O Nf5 15.Bxf5 gxf5 16.Ba3 c4
17.Ng5 Qd7 18.Rb1 Nc6 19.Rb6 h6 20.Nh3 Qa7 21.a5 Qd7 22.Qc2 Nxa5 23.Rd6 Qb5
24.Bc5 Bf8 25.Rb6 Qd7 26.Bxf8 Kxf8 27.Qa2 Nb3 28.Rxa6 Rxa6 29.Qxa6 Kg7 30.Qa2 Qe7
31.Qe2 Qh4 32.Qa2 Rb8 33.Kh1 Rb5 34.Qc2 Ra5 35.Qb2 Rb5 36.Qc2 Ra5  1/2-1/2

[Event "Open"]
[Site "Sharjah UAE"]
[Date "2003.08.28"]
[Round "2"]
[White "Ghader Pour,S"]
[Black "Gagunashvili,M"]
[Result "0-1"]
[WhiteElo "2010"]
[BlackElo "2577"]

1.e4 g6 2.d4 Bg7 3.Nc3 d6 4.Be3 a6 5.a4 b6 6.g3 Bb7 7.Bg2 Nd7 8.Nge2 Ngf6
9.h3 O-O 10.O-O c6 11.Qd2 b5 12.axb5 axb5 13.e5 dxe5 14.dxe5 Nxe5 15.Qxd8 Rfxd8
16.Nxb5 Nd5 17.Nbd4 c5 18.Nb3 Nxe3 19.fxe3 Bxg2 20.Kxg2 Nc4 21.Kf2 Bh6 22.e4 Rab8
23.Rfd1 Rxd1 24.Rxd1 Ne3 25.Rd3 c4 26.Rxe3 Bxe3+ 27.Kxe3 cxb3 28.c4 e5 29.g4 Rd8
30.Nc1 f6 31.Nd3 Kf7 32.c5 Ke6 33.Kd2 Rd4 34.Kc3 Rxe4 35.Kxb3 Kd5 36.Kc3 Rc4+
37.Kd2 e4  0-1

[Event "Acropolis Open"]
[Site "Athens GRE"]
[Date "2003.08.29"]
[Round "5"]
[White "Gikas,B"]
[Black "Shahtahtinsky,A"]
[Result "1-0"]
[WhiteElo "2224"]
[BlackElo "2322"]

1.e4 g6 2.d4 Bg7 3.Nc3 d6 4.Bc4 Nf6 5.Qe2 e5 6.dxe5 dxe5 7.Bd2 Nc6 8.Nf3 Bg4
9.Bb5 O-O 10.Bxc6 bxc6 11.h3 Be6 12.Bg5 Qb8 13.b3 c5 14.O-O c6 15.Na4 c4
16.Nc5 cxb3 17.axb3 Bc8 18.Rfd1 Re8 19.Nd2 Nh5 20.Nc4 Nf4 21.Qf3 f6 22.Bxf4 exf4
23.Nd7 Qc7 24.Ndb6 Rb8 25.Nd6 Rf8 26.Nbxc8 Rbxc8 27.Nxc8 Rxc8 28.Ra4 Bf8
29.Rad4 Bc5 30.Rd7 Qe5 31.b4 Be7 32.Qb3+ Kf8 33.f3 Re8 34.Qc4 a5 35.bxa5 Qxa5
36.Qxc6 Qe5 37.Kh1 h5 38.c4 g5 39.Qd5 Qc3 40.Qe6 Qc2 41.e5 Qe2 42.Qf5 Qxe5
43.Qxe5 fxe5 44.R7d5 Bf6 45.Kg1 e4 46.Rf5 Kg7 47.fxe4 Rxe4 48.Rc1 Kg6 49.Rd5 g4
50.hxg4 hxg4 51.c5 Bd4+ 52.Kf1 Be3 53.Ra1 Re6 54.Rd6 Kf6 55.Rxe6+ Kxe6 56.Re1 Kd5
57.Rxe3 fxe3 58.Ke2 Kxc5 59.Kxe3 Kd5 60.Kf4  1-0

[Event "1st League TCh-SCG"]
[Site "Budva SCG"]
[Date "2003.08.29"]
[Round "1"]
[White "Savanovic,A"]
[Black "Strikovic,A"]
[Result "1/2-1/2"]
[WhiteElo "2396"]
[BlackElo "2520"]

1.e4 g6 2.d4 Bg7 3.Nc3 d6 4.f4 a6 5.Nf3 b5 6.Bd3 Bb7 7.e5 c5 8.dxc5 dxc5
9.Qe2 Nc6 10.Be3 c4 11.Be4 e6 12.Rd1 Qc7 13.Qf2 Nge7 14.Bb6 Qc8 15.a4 b4
16.Bxc6+ Qxc6 17.Rd6 bxc3 18.Rxc6 cxb2 19.O-O Bxc6 20.c3 Bxf3 21.Qxf3 Rb8
22.Rb1 Nd5 23.a5 Bf8 24.Rxb2 Bc5+ 25.Kh1 O-O 26.g4 Bxb6 27.axb6 Rxb6 28.Rxb6 Nxb6
29.Qc6 Nd5 30.f5 Rb8 31.fxe6 Rb1+ 32.Kg2 Nf4+ 33.Kg3 Nxe6 34.Qxa6 Re1 35.Qxc4 Rxe5
36.h4  1/2-1/2

[Event "Open"]
[Site "Porto San Giorgo ITA"]
[Date "2003.08.29"]
[Round "9"]
[White "Ruggeri,P"]
[Black "Djingarova,E"]
[Result "1/2-1/2"]
[WhiteElo "2134"]
[BlackElo "2300"]

1.d4 g6 2.e4 Bg7 3.Nc3 d6 4.Be3 Nf6 5.f3 c6 6.Qd2 b5 7.Bd3 Nbd7 8.Nge2 O-O
9.O-O Qc7 10.Bh6 e5 11.Bxg7 Kxg7 12.dxe5 dxe5 13.Qe3 Qb6 14.Qxb6 Nxb6 15.a4 a6
16.axb5 cxb5 17.f4 Re8 18.fxe5 Rxe5 19.Nd4 Bb7 20.Nf3 Re7 21.e5 Ng4 22.Ne4 Nxe5
23.Nxe5 Rxe5 24.Nd6 Bd5 25.Rfe1 Rxe1+ 26.Rxe1 Rd8 27.Ne8+ Kf8 28.Nf6 h5 29.Nxd5 Nxd5
30.Re5 Nb4 31.Be4 Rd2 32.c3 Nd3 33.Bxd3 Rxd3 34.Kf1 Rd2 35.b4 Rc2 36.Rc5 h4
37.h3 Kg7 38.Rc6 Ra2 39.c4 bxc4 40.Rxc4 g5 41.Rc6 f6 42.Rb6 Kg6 43.b5 a5
44.Ra6 g4 45.hxg4 Kg5 46.b6 Kxg4 47.b7 Rb2 48.Rxa5 Rxb7 49.Ra3 Rb2 50.Kg1 f5
51.Kh2 f4 52.Rh3 Re2 53.Ra3 Re3 54.Ra8 h3 55.Rg8+ Kf5 56.gxh3 Ke4 57.Kg2 Re2+
58.Kf1 Kf3 59.Rb8 Re3 60.h4 Ra3 61.Kg1 Ra1+ 62.Kh2 Ra2+ 63.Kg1 Rg2+ 64.Kh1 Rg7
65.Kh2 Kg4 66.Kg2 Kxh4+  1/2-1/2

[Event "WGM"]
[Site "Punat CRO"]
[Date "2003.08.30"]
[Round "5"]
[White "Repkova,E"]
[Black "Bogza,A"]
[Result "1-0"]
[WhiteElo "2359"]
[BlackElo "2289"]

1.e4 g6 2.d4 Bg7 3.Nc3 d6 4.f4 Nc6 5.d5 Nd4 6.Nb1 c6 7.c3 Nb5 8.Bxb5 cxb5
9.Qd3 a6 10.Nf3 Nf6 11.Be3 O-O 12.Nbd2 Nd7 13.Bd4 Bh6 14.Ng5 Nc5 15.Qf3 f6
16.Nh3 Bxh3 17.Bxc5 Bxg2 18.Qxg2 dxc5 19.O-O Qd6 20.Qg4 Rad8 21.Qh4 Kg7 22.Rf3 Rh8
23.Raf1 g5 24.Rg3 e5 25.fxg5 fxg5 26.Nf3 Rhg8 27.Nxg5 Bxg5 28.Qxg5+ Kh8 29.Qf6+ Qxf6
30.Rxf6 Rgf8 31.Rgf3 Rg8+ 32.Rg3 Rgf8 33.Rxf8+ Rxf8 34.Rg5 b4 35.cxb4 cxb4
36.Rxe5 Kg7 37.Re7+ Kf6 38.d6 Rc8 39.e5+ Kf5 40.d7  1-0

[Event "1st League TCh-SCG"]
[Site "Budva SCG"]
[Date "2003.08.31"]
[Round "3"]
[White "Miljanic,B"]
[Black "Lazic,Mi"]
[Result "1-0"]
[WhiteElo "2412"]
[BlackElo "2506"]

1.e4 g6 2.d4 Bg7 3.Nc3 d6 4.Be3 a6 5.Qd2 b5 6.a4 b4 7.Nce2 a5 8.Ng3 h5 9.h4 Nf6
10.f3 O-O 11.Bh6 c5 12.d5 e6 13.dxe6 Bxe6 14.Bxg7 Kxg7 15.O-O-O Qe8 16.Bb5 Qc8
17.Qxd6 Ne8 18.Qf4 Nc6 19.Qg5 Nd4 20.Nxh5+ Kh7 21.Nf4 Qd8 22.Nxe6 fxe6 23.Qxc5  1-0

[Event "Acropolis Open"]
[Site "Athens GRE"]
[Date "2003.09.01"]
[Round "8"]
[White "Skiadopoulos,N"]
[Black "Dzhumaev,M"]
[Result "0-1"]
[WhiteElo "2225"]
[BlackElo "2495"]

1.e4 g6 2.d4 Bg7 3.Nc3 d6 4.Be3 c6 5.Qd2 b5 6.Bd3 Nd7 7.f4 Ngf6 8.Nf3 O-O
9.h3 Bb7 10.e5 b4 11.Ne4 Nd5 12.O-O c5 13.Bf2 cxd4 14.exd6 Qb6 15.dxe7 Rfe8
16.f5 Nxe7 17.fxg6 hxg6 18.Qf4 Nd5 19.Qh4 Nf8 20.c3 Ne3 21.Nxd4 Nxf1 22.Rxf1 Qd8
23.Qf4 Qd5 24.Re1 Ne6 25.Nxe6 Rxe6 26.Bc4 Rxe4 27.Bxd5 Rxf4 28.Bxb7 Rd8 29.Bg3 Rf5
30.Be4 Rc5 31.cxb4 Rc4 32.b5 Bxb2 33.Bc6 Bd4+ 34.Kh2 Bb6 35.Re7 Ra4 36.Be5 Rxa2
37.Bd5 Rf2 38.Bf3 Rfd2 39.Bc7 Bxc7+ 40.Rxc7 R8d7 41.Rc8+ Kg7 42.Bc6 Re7 43.Ra8 Kf6
44.Rh8 Kg5 45.Rc8 Rb2 46.Rd8 Kf4 47.Rd3 f5 48.Ra3 g5 49.Ra4+ Ke5 50.Rc4 Kf6
51.Ra4 Rb3 52.Rd4 Rg7 53.Kg1 g4 54.hxg4 fxg4 55.Kf2 Kg5 56.Rd5+ Kh4 57.Rd4 Rf7+
58.Ke2 Kg3 59.Kd1 Rf2 60.Kc1 Rc3+ 61.Kb1 Re3 62.Rd1 Kh2 63.Ka1 Ree2 64.Kb1 g3
65.Ka1 Rxg2 66.Bxg2 Kxg2 67.Rd7 Re5 68.Rb7 Kf1 69.Rf7+ Kg1 70.Rb7 g2 71.Ka2 Rh5  0-1

[Event "Acropolis Open"]
[Site "Athens GRE"]
[Date "2003.09.02"]
[Round "9"]
[White "Dochev,D"]
[Black "Koukoufikis,A"]
[Result "1/2-1/2"]
[WhiteElo "2380"]
[BlackElo "2158"]

1.e4 g6 2.d4 Bg7 3.Nc3 d6 4.Be3 c6 5.Qd2 b5 6.Bd3 Nd7 7.Nf3 a6 8.Ne2 Ngf6
9.Bh6 O-O 10.Ng3 e5 11.a4 Bb7 12.dxe5 Nxe5 13.Nxe5 dxe5 14.O-O Bxh6 15.Qxh6 Ng4
16.Qd2 Qe7 17.h3  1/2-1/2

[Event "Polish Extraleague"]
[Site "Lubniewice POL"]
[Date "2003.09.02"]
[Round "4"]
[White "Socha,A"]
[Black "Socko,M"]
[Result "0-1"]
[WhiteElo "2126"]
[BlackElo "2390"]

1.e4 d6 2.d4 g6 3.Nc3 Bg7 4.Bg5 c6 5.Qd2 b5 6.a3 a6 7.f4 Nd7 8.Nf3 Nb6 9.Be2 Nf6
10.O-O Be6 11.Rae1 Nc4 12.Bxc4 Bxc4 13.e5 dxe5 14.Nxe5 Bxf1 15.Nxc6 Qd6 16.Nxe7 Kf8
17.Kxf1 Re8 18.Bxf6 Bxf6 19.Ned5 Kg7 20.Nxf6 Rxe1+ 21.Kxe1 Qxf6 22.Kf1 g5
23.g3 gxf4 24.Qxf4 Qxf4+ 25.gxf4 Rd8 26.Ne2 a5 27.c3 Kf6 28.Kf2 Ra8 29.b4 axb4
30.axb4 Ke6 31.Ke3 Kd5 32.Kd3 Ra1 33.Ng3 Rd1+ 34.Ke2 Rg1 35.Kf2 Ra1 36.Ke3 Ra2
37.Ne2 Kc4 38.f5 Ra1 39.d5 Kxd5 40.Kd3 Rd1+ 41.Kc2 Rh1 42.h3 Kc4 43.Nf4 Rh2+  0-1

[Event "ch-ROM"]
[Site "Satu Mare ROM"]
[Date "2003.09.02"]
[Round "1.2"]
[White "Voiteanu,G"]
[Black "Bogdan,D"]
[Result "1/2-1/2"]
[WhiteElo "2301"]
[BlackElo "2435"]

1.d4 d6 2.e4 g6 3.Nc3 Bg7 4.f4 a6 5.a4 Nd7 6.Nf3 e5 7.Bc4 exf4 8.Bxf4 Nb6
9.Bb3 Be6 10.a5 Nd7 11.O-O Bxb3 12.cxb3 Ne7 13.b4 O-O 14.b5 axb5 15.Nxb5 Nf6
16.Qc2 Ne8 17.Nc3 Nc6 18.d5 Ne5 19.Qb3 Nxf3+ 20.Rxf3 Qc8 21.Bg5 f6 22.Bd2 f5
23.exf5 Rxf5 24.Rxf5 gxf5 25.Ne2 Nf6 26.g3 f4 27.Bxf4 b6 28.Rd1 Qg4 29.Be3  1/2-1/2

[Event "European GP"]
[Site "Izmir TUR"]
[Date "2003.09.03"]
[Round "9"]
[White "Shanava,K"]
[Black "Gurevich,M"]
[Result "1/2-1/2"]
[WhiteElo "2415"]
[BlackElo "2644"]

1.e4 d6 2.d4 g6 3.Nc3 Bg7 4.Bg5 a6 5.Qd2 b5 6.a4 b4 7.Nd1 Nf6 8.f3 a5 9.c3 bxc3
10.bxc3 O-O 11.Bd3 Nbd7 12.Ne2 e5 13.O-O c6 14.Kh1 Re8 15.Nb2 Qc7 16.Nc4 d5
17.exd5 Nxd5 18.Rae1 N5b6 19.Ng3 Nxc4 20.Bxc4 Nb6 21.Bd3 f6 22.Bh6 Be6 23.Bxg7 Kxg7
24.dxe5 fxe5 25.Qg5 Nd7 26.f4 Qd8 27.Nh5+ Kh8 28.Qh6 Rg8 29.f5 Bxf5 30.Bxf5 gxf5
31.Rxf5 Rg6 32.Qe3 Qh4 33.Ref1 Rag8 34.g3 Qc4 35.Rf7 Rg5 36.Kg1 Rxh5 37.Rxd7 Qxa4
38.Qf2 Qh4 39.Qf6+ Qxf6 40.Rxf6 Ra8 41.Rxc6 a4 42.Rcc7 Rh6 43.Ra7 Rxa7 44.Rxa7 Rc6
45.Rxa4 Rxc3 46.Ra5 Rc1+ 47.Kf2 Rc2+ 48.Kf3 Rxh2 49.Rxe5 Rh6 50.Re7 Kg8 51.Ra7  1/2-1/2

[Event "V Open"]
[Site "Sants ESP"]
[Date "2003.09.03"]
[Round "5"]
[White "Escuder,J"]
[Black "Hillarp Persson,T"]
[Result "0-1"]
[WhiteElo "2228"]
[BlackElo "2498"]

1.e4 g6 2.d4 Bg7 3.Nc3 d6 4.Be3 a6 5.a4 b6 6.f4 e6 7.Nf3 Ne7 8.Bd3 Nd7 9.Ne2 c5
10.O-O cxd4 11.Bxd4 Nf6 12.Qe1 Nc6 13.Bc3 O-O 14.Rd1 Qe7 15.Ned4 Bb7 16.Nxc6 Bxc6
17.Qh4 Rfe8 18.f5 gxf5 19.exf5 e5 20.Rde1 Qd8 21.g4 h6 22.g5 hxg5 23.Nxg5 b5
24.a5 Qe7 25.Rf2 Rac8 26.Re3 Bb7 27.Rg3 Rxc3 28.bxc3 Kf8 29.Nh7+ Nxh7 30.Qxh7 Qf6
31.Rg6 fxg6 32.fxg6 Bf3 33.h4  0-1

[Event "1st League TCh-SCG"]
[Site "Budva SCG"]
[Date "2003.09.05"]
[Round "7"]
[White "Miljanic,B"]
[Black "Kosoric,L"]
[Result "1-0"]
[WhiteElo "2412"]
[BlackElo "2075"]

1.e4 g6 2.d4 Bg7 3.Nc3 d6 4.Be3 Nf6 5.Qd2 c6 6.Bh6 Bxh6 7.Qxh6 Qa5 8.Bd3 Na6
9.Ne2 Nb4 10.O-O Qh5 11.Qe3 O-O 12.h3 g5 13.e5 dxe5 14.dxe5 Nfd5 15.Nxd5 Nxd5
16.Qg3 Kh8 17.c4 Nf4 18.Rfe1 Rg8 19.Rad1 Be6 20.Nd4 Rad8 21.Nxe6 fxe6 22.Qe3 Rdf8
23.Be2 Qg6 24.Rd4 h5 25.Bf1 Qh6 26.Qg3 g4 27.Qe3 gxh3 28.g3 Kh7 29.Kh2 Ng6
30.Qxh6+ Kxh6 31.Rd2 h4 32.Bxh3 hxg3+ 33.fxg3 Rd8 34.Rf2 Nf8 35.Re4 Rh8 36.Kg2 c5
37.b3 Rd4 38.Rxd4 cxd4 39.Rd2 Ng6 40.Rxd4 Nxe5 41.Re4 Nc6 42.Bxe6 Kg7 43.Bd5 Kf6
44.Re6+ Kf5 45.g4+ Kxg4 46.Bxc6 bxc6 47.Rxe7 a5 48.Ra7 Rd8 49.Rxa5 Rd2+ 50.Kf1 Kf3
51.Ke1 Ke3 52.Ra6 Kd3 53.Rxc6 Rxa2  1-0

[Event "V Open"]
[Site "Sants ESP"]
[Date "2003.09.05"]
[Round "7"]
[White "Fluvia,J"]
[Black "Hillarp Persson,T"]
[Result "0-1"]
[WhiteElo "2321"]
[BlackElo "2498"]

1.e4 g6 2.d4 Bg7 3.Nc3 d6 4.Be3 a6 5.f4 b5 6.Be2 Nd7 7.Bf3 e5 8.dxe5 dxe5
9.f5 Bb7 10.Nh3 Ngf6 11.a3 Qe7 12.g4 gxf5 13.gxf5 Nb6 14.Qe2 Nc4 15.Bc1 Nd7
16.b3 Nd6 17.Nf2 Rd8 18.Be3 Bf6 19.Rg1 h6 20.O-O-O Nc4 21.bxc4 Qxa3+ 22.Kd2 Nb6+
23.Nd5 Nxc4+ 24.Qxc4 bxc4 25.Ra1 Qb4+ 26.Ke2 Bxd5 27.exd5 Bg5 28.Ne4 Bxe3
29.Rgb1 Qe7 30.Kxe3 Qh4 31.Rxa6 Qf4+ 32.Ke2 Qxh2+ 33.Ke3 Rg8 34.Rh1 Qxc2
35.Rhxh6 Rb8 36.Nf6+ Kd8  0-1

[Event "ch-Nordic"]
[Site "Aarhus DEN"]
[Date "2003.09.06"]
[Round "1"]
[White "Lie,K"]
[Black "Lehtinen,H"]
[Result "0-1"]
[WhiteElo "2440"]
[BlackElo "2362"]

1.e4 g6 2.d4 Bg7 3.Nc3 d6 4.Be3 c6 5.Qd2 b5 6.f3 Nd7 7.h4 h5 8.Nh3 Nb6 9.O-O-O Bxh3
10.Rxh3 Nf6 11.Bg5 Rb8 12.Bd3 b4 13.Ne2 Nfd7 14.g4 c5 15.gxh5 Rxh5 16.Nf4 Bxd4
17.c3 bxc3 18.bxc3 Bh8 19.Nxh5 Na4 20.Bh6 Qb6 21.Qc2 Bxc3 22.Ng7+ Kd8 23.Rh2 Qa5
24.Rdd2 Nb2 25.a4 Qb4 26.Bb5 Qa3 27.h5 a6 28.hxg6 axb5 29.gxf7 Nf8 30.a5 Nc4+
31.Kd1 Bxg7 32.Bxg7 Ne3+ 33.Ke2 Nxc2 34.Bxf8 Qe3+ 35.Kd1 Nd4 36.Rdf2 Qd3+
37.Ke1 Qb1+ 38.Kd2 Ra8 39.Bg7 Kc7  0-1

[Event "ch-LIB"]
[Site "Beruit LIB"]
[Date "2003.09.06"]
[Round "8"]
[White "Barakat,R"]
[Black "Abdulaziz,M"]
[Result "0-1"]
[WhiteElo "2057"]
[BlackElo "2168"]

1.e4 g6 2.d4 Bg7 3.Nc3 d6 4.Bc4 Nf6 5.Bb3 O-O 6.Bg5 Nc6 7.f4 Na5 8.Nf3 c6
9.Qe2 Bg4 10.O-O Nh5 11.Qe3 Nxb3 12.axb3 f6 13.Bh4 Bh6 14.Nd2 e5 15.Bg3 exf4
16.Bxf4 Nxf4 17.Rxf4 Bxf4 18.Qxf4 Be6 19.d5 Bf7 20.Nc4 cxd5 21.exd5 f5 22.Rd1 Qe7
23.Qxd6 Qg5 24.g3 Rad8 25.Qf4 Qh5 26.Rd2 Rfe8 27.Ne5 Qh3 28.Ne4 fxe4 29.Qxf7+ Kh8
30.Qf6+ Kg8 31.g4 e3 32.Rg2 Qh6 33.Qf7+ Kh8 34.Qf6+ Qg7 35.Nf7+ Kg8 36.Qxg7+ Kxg7
37.Nxd8 e2 38.Rxe2 Rxe2 39.Ne6+ Kf6 40.Nd4 Rd2 41.g5+ Ke7 42.c3 Rxb2 43.c4 Rd2
44.Nb5 a6 45.Nc3 Rd3 46.Ne4 Rxb3 47.c5 a5 48.d6+ Kd8 49.c6 bxc6 50.Nc5 Rb5
51.Ne6+ Kd7 52.Nf8+ Kxd6 53.Nxh7 a4 54.Nf6 a3 55.Ne4+ Kd5  0-1

[Event "1st League TCh-SCG w"]
[Site "Budva SCG"]
[Date "2003.09.06"]
[Round "8"]
[White "Savic,Ma"]
[Black "Petrovic,Ma"]
[Result "0-1"]
[WhiteElo "2129"]
[BlackElo "2236"]

1.e4 g6 2.d4 Bg7 3.Nc3 d6 4.Nf3 c6 5.a4 Nf6 6.h3 O-O 7.Be3 a5 8.Be2 Na6 9.O-O Nb4
10.Nd2 e5 11.Nc4 exd4 12.Bxd4 d5 13.Nb6 Rb8 14.Bc5 Re8 15.exd5 cxd5 16.Bf3 Be6
17.Nb5 Ne4 18.Bxe4 dxe4 19.Qxd8 Rexd8 20.Bd6 Rxd6 21.Nxd6 e3 22.c3 e2 23.cxb4 exf1=Q+
24.Rxf1 axb4 25.Nbc4 Bf8 26.f4 b6 27.Rc1 Rd8 28.Nb5 Bc5+ 29.Kh2 h5 30.Rc2 h4
31.Rd2 Rxd2 32.Nxd2 Be3 33.Nf3 Bxf4+ 34.Kg1 Bc1 35.Nbd4 Bxb2 36.Nxe6 fxe6
37.Kf1 Bf6 38.Nd2 Bc3 39.Nb3 Kf7 40.Ke2 Kf6 41.a5 bxa5 42.Nxa5 Kf5  0-1

[Event "Polish Extraleague"]
[Site "Lubniewice POL"]
[Date "2003.09.06"]
[Round "8"]
[White "Bobras,P"]
[Black "Krasenkow,M"]
[Result "1/2-1/2"]
[WhiteElo "2462"]
[BlackElo "2585"]

1.e4 g6 2.d4 Bg7 3.Nc3 d6 4.f4 Nc6 5.Nf3 Bg4 6.Be3 Bxf3 7.gxf3 e6 8.Qd2 Nf6
9.O-O-O O-O 10.Kb1 Kh8 11.Ne2 Nh5 12.f5 exf5 13.exf5 Ne7 14.Ng3 Nxf5 15.Nxf5 gxf5
16.Bg5 Bf6 17.h4 Rg8 18.Qh2 Qd7 19.c3 Bd8 20.Bd3 f6 21.Bc1 d5 22.Rhg1 Be7
23.Qh3 Bd6 24.Bxf5 Qe7 25.Be6 Rxg1 26.Rxg1 c6 27.Bh6 Re8 28.Qg4 Qxe6 29.Bg7+ Kg8
30.Qxh5 Qe3 31.Qg4 f5 32.Qg2 Kf7 33.Be5 Bxe5 34.dxe5 Qxe5 35.Qg5 f4 36.Qh6 Qf5+
37.Ka1 Rg8 38.Re1  1/2-1/2

[Event "1st League TCh-SCG"]
[Site "Budva SCG"]
[Date "2003.09.09"]
[Round "11"]
[White "Pavlovic,Dej"]
[Black "Lazic,Mi"]
[Result "0-1"]
[WhiteElo "2244"]
[BlackElo "2506"]

1.e4 g6 2.d4 Bg7 3.Nc3 d6 4.f4 a6 5.Nf3 e6 6.Bd3 Ne7 7.O-O Nd7 8.f5 exf5
9.exf5 Nf6 10.Qe1 O-O 11.fxg6 fxg6 12.Ng5 Bd7 13.Bd2 h6 14.Nge4 Nh7 15.Rxf8+ Bxf8
16.h3 Bg7 17.Ne2 Nf5 18.Qf2 d5 19.N4g3 Ne7 20.Rf1 Qe8 21.Qf4 Be6 22.Qxc7 Qd7
23.Qxd7 Bxd7 24.Bb4 Nc6 25.Bc5 b6 26.Bxb6 Rb8 27.Bc5 Rxb2 28.Bxg6 Nf6 29.a3 Na5
30.Nf5 Bxf5 31.Bxf5 Nc4 32.Bd3 Ne3 33.Rc1 Ne4 34.Bb4 h5 35.h4 Ng4 36.Bxe4 dxe4
37.Bc3 Ra2 38.d5 Bh6 39.Re1 Rxc2 40.d6 Be3+ 41.Kh1 Kf7 42.d7 Ke7 43.Bd4 Bd2
44.Rb1 Kxd7 45.Rb7+ Kc6 46.Rb6+ Kd5 47.Rb8 Ba5 48.Bc3 Bxc3  0-1

[Event "56th ch-RUS"]
[Site "Krasnoyarsk RUS"]
[Date "2003.09.09"]
[Round "6"]
[White "Smirnov,P"]
[Black "Tseshkovsky,V"]
[Result "0-1"]
[WhiteElo "2629"]
[BlackElo "2538"]

1.e4 d6 2.d4 g6 3.Nc3 Bg7 4.Bg5 a6 5.Nf3 h6 6.Bh4 b5 7.a4 b4 8.Nd5 a5 9.e5 dxe5
10.dxe5 Bb7 11.Bc4 g5 12.Bg3 e6 13.Ne3 Qxd1+ 14.Rxd1 Nd7 15.Bb5 O-O-O 16.Nc4 Ne7
17.Nxa5 Bxf3 18.gxf3 Nxe5 19.Ke2 N5g6 20.Nc4 f5 21.Nb6+ Kb7 22.Nd7 f4 23.Nc5+ Kb8
24.Nxe6 Rxd1 25.Rxd1 Bxb2 26.Rd7 Be5 27.Bd3 Bd6 28.a5 Kb7 29.a6+ Kb8  0-1

[Event "LXXVII ch-ARG"]
[Site "Tres de Febrero ARG"]
[Date "2003.09.09"]
[Round "7"]
[White "Villanueva,Mar"]
[Black "Godoy,C"]
[Result "1-0"]
[WhiteElo "2029"]
[BlackElo "2212"]

1.e4 g6 2.d4 Bg7 3.Nc3 d6 4.f4 a6 5.Nf3 b5 6.Bd3 Bb7 7.e5 Nd7 8.Qe2 e6 9.O-O Ne7
10.Be3 Nb6 11.Rae1 Nbd5 12.Nxd5 Nxd5 13.Bc1 O-O 14.c3 c5 15.dxc5 dxc5 16.Ng5 c4
17.Bb1 b4 18.cxb4 Qb6+ 19.Kh1 Qxb4 20.Qg4 Qe7 21.Qh3 h6 22.Nf3 Rfe8 23.f5 exf5
24.Bxh6 Bxh6 25.Qxh6 Qf8 26.Qh4 Rac8 27.Nd4 Qg7 28.Bxf5 gxf5 29.Nxf5 Qg6
30.Nh6+ Kh8 31.Rxf7 Nf4 32.Ng4+ Kg8 33.Rxb7 Nh5 34.Qxh5  1-0

[Event "14th ch-NATO"]
[Site "Hoevelte DEN"]
[Date "2003.09.10"]
[Round "3"]
[White "Mueller,Fa"]
[Black "Toll,A"]
[Result "1/2-1/2"]
[WhiteElo "2207"]
[BlackElo "2100"]

1.e4 g6 2.d4 Bg7 3.Nc3 d6 4.f4 Nf6 5.Bd3 O-O 6.Nf3 Bg4 7.h3 Bxf3 8.Qxf3 Nc6
9.Be3 e5 10.d5 exf4 11.Bxf4 Ne7 12.O-O Nd7 13.Qf2 a6 14.Nd1 b5 15.Rb1 Nc8
16.Ne3 Ncb6 17.Ng4 Qe7 18.Qg3 Ne5 19.Nxe5 Bxe5 20.Bxe5 Qxe5 21.Qxe5 dxe5
22.Rf6 Nd7 23.Rc6 Ra7 24.c4 Nb8 25.cxb5 Nxc6 26.bxc6 Rb8 27.b4 Kf8 28.a3 Ke7
29.Kf2 f6 30.Ke3 Rf8 31.g4 Kd6 32.Rc1 Rb8 33.h4 Raa8 34.Rh1 Rf8 35.h5 g5
36.Rc1 Rfb8 37.Kd2 h6 38.Rc3 Rb6 39.Kc2 Rbb8 40.Kb3 Rb6 41.Rc1 Ke7 42.Rf1 Rbb8
43.Kc4 Ra7 44.Kc5 Raa8 45.Bc4 Rd8 46.a4 a5 47.b5 Rab8 48.Rb1 Rb6 49.Rd1  1/2-1/2

[Event "14th ch-NATO"]
[Site "Hoevelte DEN"]
[Date "2003.09.11"]
[Round "6"]
[White "Helbig,M"]
[Black "Agergaard,L"]
[Result "1-0"]
[WhiteElo "2239"]
[BlackElo "2200"]

1.d4 g6 2.e4 Bg7 3.Nc3 d6 4.Bc4 a6 5.a4 Nc6 6.Nf3 Nf6 7.h3 O-O 8.Qe2 e5 9.dxe5 dxe5
10.Bg5 h6 11.Rd1 Nd4 12.Nxd4 exd4 13.Bxf6 Qxf6 14.Nd5 Qg5 15.O-O c6 16.f4 Qd8
17.Nb4 Qa5 18.Nd3 b5 19.Bb3 Re8 20.Qf3 bxa4 21.Ra1 Be6 22.Rxa4 Qb6 23.Bxe6 Rxe6
24.f5 gxf5 25.exf5 Rf6 26.Qe4 Rd8 27.Raa1 c5 28.b3 Qc6 29.Qxc6 Rxc6 30.Ra4 Bf6
31.Rfa1 Rdd6 32.Rc4 Rd5 33.g4 Kg7 34.Raa4 Bg5 35.Nb4 cxb4 36.Rxc6 d3 37.cxd3 Rxd3
38.Rxb4 a5 39.Rb7 Rxh3 40.Kg2 Rd3 41.Ra6 Rd2+ 42.Kf3 Rd3+ 43.Ke4 Rg3 44.Raa7 Rxg4+
45.Kd5 Bd2 46.Rxf7+ Kg8 47.f6 Bc3 48.Rg7+ Rxg7 49.Rxg7+ Kh8 50.Ke6  1-0